000 01920nam a2200421 i 4500
001 197763
003 ES-MaACL
005 20250912063059.0
008 250723r20011798sp | ||| ||spa
016 7 _abimoBNE20020284060
_2SpMaBN
017 _aVA 547-2001
_bOficina Depósito Legal Valladolid
020 _a8495636395
035 _a(OCoLC)434394535
035 _a(SpMaBN)Mimo0001771143
040 _aSpMaBN
_bspa
_cSpMaBN
_erdc
080 _a34(460.18)"10"(094.5)
080 _a34(460.18)"13"(094.5)
080 _a352(460.188 Sepúlveda)"10"(094.5)
130 _aFuero viejo de Castilla
_9241445
245 1 0 _aExtracto de las leyes del Fuero viejo de Castilla con el primitivo Fuero de León, Asturias y Galicia, se añaden el antiguo Fuero de Sepúlveda, y los concedidos por S. Fernando á Córdova y Sevilla /
_cformado para facilitar su lectura y la instrucción de sus disposiciones por el Lic. D. Juan de la Reguera Valdelomár.
260 _aValladolid :
_bMaxtor,
_c[2001].
300 _a327 páginas ;
_c16 cm.
336 _2rdacontent
_atexto
337 _2rdamedia
_asin mediación
338 _2rdacarrier
_avolumen
534 _pReproducción de la edición de:
_cMadrid : Imprenta Viuda e Hijo de Marín, 1798
650 4 _aFueros-
_zCastilla (Reino)
_2embne
_912990
650 0 _aFueros-
_zLeón (Reino)
_2embne
_9241446
650 0 _aFueros-
_zSepúlveda
_2embne
_9241447
655 0 _aFueros
_2tgfbne
_9241448
700 1 _aReguera Valdelomar, Juan de la,
_dca. 1750-1817
_9241449
_eaut
852 _aES-MaACL
_cDEPOJ
_jN-10660
_hDonación: José Lázaro García
_xEncuadernación rústica con solapas
_9206788
903 _9234219
_aLázaro García, José
_ednr
942 _cMONOGRAFIA
_n0
999 _c197763
_d197763